01645cam a22003131i 4500001000700000003000900007005001700016008004100033020003100074020003600105040004300141082002100184100004700205245008200252264006700334264001000401300008000411336002600491337002800517338002700545504005200572520041200624650003401036655001701070856008701087942001201174999001701186952012801203581169EG-ScBUE20250528090755.0900116t1990 njuaf f b 001 0 eng d a9780691024295 (alk. paper) a0691024294 (pbk. : alk. paper)  aEG-ScBUEbengerdacEG-ScBUEdEG-ScBUE04a530.429bCOL2221 aCollings, Peter J.,d1947-941949eauthor.10aLiquid crystals :bnature's delicate phase of matter /cby Peter J. Collings. 1aPrinceton, New Jersey : bPrinceton University Press, c[1990] 4cc1990 axiii, 222 pages, [8] pages of plates :billustrations (some color) ;c23 cm 2rdacontentatextbtxt aunmediated2rdamediabn avolumebnc2rdacarrier aIncludes bibliographical references and index.  aLiquid crystals are a phase of matter critical both in many recent scientific developments in biology, chemistry, and physics and in applications such as computer displays, electronic books, and new thermometers. This fully illustrated book builds on basic scientific concepts from biology, chemistry, and physics to explore the full range of the broad and interdisciplinary field of liquid crystal science. 7aLiquid crystals.2BUEsh94312 vReading book423Publisher descriptionuhttp://www.loc.gov/catdir/description/prin031/90030758.html 2ddccBB c27021d26993 00102ddc40708BaccahaMAINbMAINc1STd2018-11-21ePurchaseg1100.00l0o530.429 COLp000044017r2025-07-15 00:00:00yBB